000 00610nam a2200241Ia 4500
003 OSt
005 20220912145816.0
006 a|||||r|||| 00| 0
007 ta
008 220909b |||||||| |||| 00| 0 eng d
024 _a78196
037 _b131, 18/09/2006, Ashutosh Technical Books
037 _cTextual
040 _aCSL
_beng
_cCSL
041 _aeng
082 _aCN2, J6
100 _aHill
245 0 _aStatistical mechanics
260 _c1956
300 _ap.
_ccm.
942 _hCN2, J6
_cTEXL
_2CC
999 _c38650
_d38650